Entry Personal Name
Number of records used in: 1
001 - CONTROL NUMBER
003 - CONTROL NUMBER IDENTIFIER
005 - DATE AND TIME OF LATEST TRANSACTION
- control field:
20191107100150.0
008 - FIXED-LENGTH DATA ELEMENTS
- fixed length control field:
171103n| azannaabn |a aaa
010 ## - LIBRARY OF CONGRESS CONTROL NUMBER
- LC control number:
n 2017245560
040 ## - CATALOGING SOURCE
- Original cataloging agency:
DLC
- Language of cataloging:
eng
- Description conventions:
rda
- Transcribing agency:
DLC
046 ## - SPECIAL CODED DATES
- Birth date:
1984-04-17
- Source of date scheme:
edtf
100 1# - HEADING--PERSONAL NAME
- Personal name:
Siṃha, Mīnākshī Jayaprakāśa,
- Dates associated with a name:
1984-
370 ## - ASSOCIATED PLACE
- Other associated place:
Kolkata (India)
- Source of term:
naf
372 ## - FIELD OF ACTIVITY
- Field of activity:
Hindi literature
- Source of term:
lcsh
373 ## - ASSOCIATED GROUP
- Associated group:
University of Calcutta
- Associated group:
State Bank of India
- Source of term:
naf
374 ## - OCCUPATION
- Occupation:
Customer assistant
- Occupation:
Writer on Hindi literature
375 ## - GENDER
377 ## - ASSOCIATED LANGUAGE
400 0# - SEE FROM TRACING--PERSONAL NAME
- Personal name:
Mīnākshī Jayaprakāśa Siṃha,
- Dates associated with a name:
1984-
400 1# - SEE FROM TRACING--PERSONAL NAME
- Personal name:
Singh, Minakshi Jay Prakash,
- Dates associated with a name:
1984-
670 ## - SOURCE DATA FOUND
- Source citation:
Bhārata vibhājana kī trāsadī aura "Piñjara", 2015:
- Information found:
title page (Ḍô. Mīnākshī Jayaprakāśa Siṃha) title page verso (Dr. Minakshi Jay Prakash Singh) jacket (M.A., Ph. D. from Calcutta University; customer assistant, State Bank of India; writer on Hindi literature; born April 17, 1984)